MARC details
| 000 -LEADER |
| campo de control de longitud fija |
01325nam a2200337 i 4500 |
| 001 - NÚMERO DE CONTROL |
| campo de control |
C00064139c |
| 005 - FECHA Y HORA DE LA ÚLTIMA TRANSACCIÓN |
| campo de control |
20241029150950.0 |
| 008 - DATOS DE LONGITUD FIJA--INFORMACIÓN GENERAL |
| campo de control de longitud fija |
170223s1584 it |||| ||spa d |
| 100 1# - ENTRADA PRINCIPAL--NOMBRE DE PERSONA |
| Nombre de persona |
Caro, Annibale ( |
| Fechas asociadas al nombre |
1507-1566) |
| 9 (RLIN) |
44626 |
| 245 10 - MENCIÓN DEL TÍTULO |
| Título |
Rime del Commendatore Annibal Caro. |
| 260 ## - PUBLICACIÓN, DISTRIBUCIÓN, ETC. |
| Lugar de publicación, distribución, etc. |
In Venetia : |
| Nombre del editor, distribuidor, etc. |
Presso Bernardo Giunti, e Fratelli, |
| Fecha de publicación, distribución, etc. |
1584. |
| 300 ## - DESCRIPCIÓN FÍSICA |
| Extensión |
[8], 103, [9] p. ; |
| Dimensiones |
4º (22 cm) |
| 500 ## - NOTA GENERAL |
| Nota general |
CCPB000315166-2, ICCU. |
| 500 ## - NOTA GENERAL |
| Nota general |
Sign.: A-P4. |
| 500 ## - NOTA GENERAL |
| Nota general |
Marca tip. en port. |
| 500 ## - NOTA GENERAL |
| Nota general |
Letras capitales ornadas. |
| 500 ## - NOTA GENERAL |
| Nota general |
Obra ded. a Alessandro Farnese, Principe di Parma & di Piacenza. Ded. firmada por Gio Batista Caro. |
| 500 ## - NOTA GENERAL |
| Nota general |
Reclamos. |
| 500 ## - NOTA GENERAL |
| Nota general |
Enc. con otras dos obras del siglo XVI. |
| 500 ## - NOTA GENERAL |
| Nota general |
Cada libro con port. propia. |
| 500 ## - NOTA GENERAL |
| Nota general |
Enc. hol. con cortes veteados. |
| 500 ## - NOTA GENERAL |
| Nota general |
Obra digitalizada en Internet: Google (enlace en parte inferior) |
| 650 #4 - PUNTO DE ACCESO ADICIONAL DE MATERIA--TÉRMINO DE MATERIA |
| Término de materia o nombre geográfico como elemento de entrada |
Poesía italiana- |
| Subdivisión cronológica |
S. XVI. |
| 9 (RLIN) |
100481 |
| 700 1# - ENTRADA AGREGADA--NOMBRE PERSONAL |
| Nombre de persona |
Caro, Giovanni Battista ( |
| Fechas asociadas al nombre |
fl. 1566-1568) |
| 9 (RLIN) |
44627 |
| 710 2# - ENTRADA AGREGADA--NOMBRE DE ENTIDAD CORPORATIVA |
| Nombre de entidad corporativa o nombre de jurisdicción como elemento de entrada |
Bernardo Giunti e Fratelli (Venecia) |
| 9 (RLIN) |
44628 |
| 752 ## - ENTRADA AGREGADA--NOMBRE JERÁRQUICO DEL LUGAR |
| País o entidad superior |
Italia - |
| Ciudad |
Venecia |
| 852 4# - LOCALIZACIÓN |
| Número de control de estantería |
B-1056 (3) |
| 856 40 - LOCALIZACIÓN Y ACCESO ELECTRÓNICOS |
| Identificador Uniforme de Recurso |
<a href="https://books.google.es/books?id=d2x2_BzeaSIC&printsec=frontcover&hl=es&source=gbs_ge_summary_r&cad=0#v=onepage&q&f=false">https://books.google.es/books?id=d2x2_BzeaSIC&printsec=frontcover&hl=es&source=gbs_ge_summary_r&cad=0#v=onepage&q&f=false</a> |